000 00578nam a2200169 a 4500
008 120416s1985 xx |||||||||||||| || u
020 _a0521463343
050 _aK 87 Lys
100 _aLyster, Simon
245 1 0 _aInternational wildlife law
246 _aan analysis of international treaties concerned with conservation of wildlife
260 _c1985
350 _a0.00
650 _aLAW
650 _aLAW--WILDLIFE
995 _D0.00
_FCBU-MAIN LIBRARY (Kitwe)
_H1
_I25.00
_M1
_UAVAILABLE
_ZAnnex Low-Usage Collection
999 _c47510
_d47510